01074 2200325 4500001002100000005001500021035002000036007000300056008004100059020002200100082001500122084001700137100004500154245014000199250003400339300005000373650002100423700002100444700004400465264003200509336002100541337003000562338002300592040002200615090002200637850001200659504003300671999002200704990002200726INLIS00000000088539320240401100923 a0010-0424000020ta240401s2024 yoia g ind d a978-623-02-7849-504223a615.88 a615.88 PAN t3 aPanjaitan, Ruqiah Ganda PutriePengarang10aTumbuhan berkhasiat hepatoprotektor /cRuqiah Ganda Putri Panjaitan, Titin, Yohanes Gatot Sutapa Yuliana; penyunting, Agus Wartiningsih aCetakan pertama, Januari 2024 axi, 129 halaman :bilustrasi, gambar ;c23 cm 4aObat tradisional0 aTitinePengarang0 aYohanes Gatot Sutapa YulianaePengarang31aSleman :bDeepublish,c2024 2rdacontentateks 2rdamediaatanpa perantara 2rdacarrieravolume aYOPDYOGbinderda aCB-D.11 2024-0237 aYOPDYOG aBibliografi: halaman 106-119 aCB-D.11/2024-0237 aCB-D.11/2024-0237